[Event "Championship UKR of men 2006"]
[Site "Poltava"]
[Date "2006.11.24"]
[Round "1.1"]
[White "Kislinsky, Alexey"]
[Black "Goloshchapov, Alexander"]
[Result "0-1"]
[WhiteElo "2495"]
[BlackElo "2552"]
[PlyCount "50"]
[EventDate "2006.11.24"]

1. e4 c5 2. Nf3 Nc6 3. c3 Nf6 4. e5 Nd5 5. Bc4 Nb6 6. Bb3 c4 7. Bc2 d6 8. exd6
e5 9. Qe2 Bxd6 10. b3 cxb3 11. axb3 O-O 12. O-O Bg4 13. d4 Re8 14. d5 e4 15.
dxc6 exf3 16. Qd3 Qh4 17. h3 fxg2 18. Kxg2 Be2 19. Qxh7+ Qxh7 20. Bxh7+ Kxh7
21. cxb7 Rad8 22. Ba3 Bb8 23. c4 Bxf1+ 24. Kxf1 Rd1+ 25. Kg2 Rd7 0-1

[Event "Championship UKR of men 2006"]
[Site "Poltava"]
[Date "2006.11.24"]
[Round "1.1"]
[White "Timoshenko, Georgy"]
[Black "Shkuro, Iuri"]
[Result "1-0"]
[WhiteElo "2550"]
[BlackElo "2499"]
[PlyCount "85"]
[EventDate "2006.11.24"]

1. e4 e6 2. d4 d5 3. Nc3 dxe4 4. Nxe4 Qd5 5. Nc3 Bb4 6. Nf3 b6 7. Bd3 Ba6 8.
O-O Bxc3 9. bxc3 Nf6 10. a4 O-O 11. Re1 Bxd3 12. cxd3 Nbd7 13. c4 Qh5 14. a5 a6
15. axb6 cxb6 16. Bf4 b5 17. Ra5 Rfd8 18. h3 h6 19. Qe2 Nb8 20. Bxb8 Rdxb8 21.
Qa2 Nd7 22. Rxa6 Rxa6 23. Qxa6 Nf6 24. Rb1 Qf5 25. Ne5 Qf4 26. Nc6 Rf8 27. cxb5
Nd5 28. b6 Nc3 29. Re1 Ne2+ 30. Rxe2 Qc1+ 31. Kh2 Qxc6 32. g3 Rb8 33. Rb2 Kh7
34. Qb5 Qf3 35. b7 h5 36. Qb6 Qd5 37. Qc7 Qxd4 38. Ra2 Qd5 39. Qxb8 Qxa2 40.
Qf4 e5 41. Qe4+ f5 42. Qxf5+ g6 43. Qf8 1-0

[Event "Championship UKR of men 2006"]
[Site "Poltava"]
[Date "2006.11.24"]
[Round "1.1"]
[White "Zubov, Alexander"]
[Black "Vysochin, Spartak"]
[Result "1/2-1/2"]
[WhiteElo "2537"]
[BlackElo "2531"]
[PlyCount "171"]
[EventDate "2006.11.24"]

1. d4 d5 2. c4 c6 3. Nf3 Nf6 4. Nc3 a6 5. c5 Nbd7 6. Bf4 Nh5 7. Bg5 h6 8. Bd2
Nhf6 9. Bf4 Nh5 10. Be5 Nxe5 11. Nxe5 Nf6 12. e3 Bf5 13. Bd3 Bxd3 14. Qxd3 e6
15. O-O Be7 16. Na4 O-O 17. Nb6 Rb8 18. b4 Qe8 19. a4 Bd8 20. b5 Bxb6 21. cxb6
axb5 22. axb5 Nd7 23. Rfc1 Nxb6 24. bxc6 bxc6 25. Qa6 Nd7 26. Nxc6 Ra8 27. Qb7
Rxa1 28. Rxa1 Nb8 29. Ne5 Qc8 30. Rb1 f6 31. Ng6 Qxb7 32. Rxb7 Re8 33. h4 Nc6
34. Rc7 Na5 35. Nf4 e5 36. Nxd5 exd4 37. Ne7+ Kh8 38. Ng6+ Kg8 39. exd4 Nb3 40.
Ne7+ Kf8 41. Ng6+ Kg8 42. d5 Nd4 43. Rd7 h5 44. Ne7+ Kf8 45. Ng6+ Kg8 46. Kh1
Ra8 47. g3 Kh7 48. Ne7 Kh6 49. Rb7 g5 50. hxg5+ Kxg5 51. Kg2 Rd8 52. f4+ Kg4
53. Nc6 Nxc6 54. Rg7+ Kf5 55. dxc6 Rd2+ 56. Kh3 Rc2 57. Rc7 Ke4 58. Rc8 Kf3 59.
Ra8 Rxc6 60. Kh4 Rc5 61. Ra6 Rf5 62. Re6 Kf2 63. Re7 Ra5 64. Rg7 Kf3 65. Rf7
Rf5 66. Re7 Ra5 67. Rb7 Rc5 68. Rb6 Rf5 69. Re6 Kg2 70. Re7 Kf3 71. Rb7 Kg2 72.
Rb3 Kf2 73. Rb6 Kf3 74. Kh3 Ra5 75. Rb3+ Ke4 76. Kh4 Rf5 77. Ra3 Rb5 78. g4
hxg4 79. Kxg4 f5+ 80. Kg5 Rb8 81. Ra4+ Kf3 82. Kxf5 Rf8+ 83. Ke5 Re8+ 84. Kd5
Rf8 85. Ke5 Re8+ 86. Kd5 1/2-1/2

[Event "Championship UKR of men 2006"]
[Site "Poltava"]
[Date "2006.11.25"]
[Round "1.2"]
[White "Zhornik, Nikolay"]
[Black "Miroshnichenko, Evgenij"]
[Result "1/2-1/2"]
[WhiteElo "2377"]
[BlackElo "2627"]
[PlyCount "100"]
[EventDate "2006.11.24"]

1. e4 c5 2. Nf3 d6 3. d4 cxd4 4. Nxd4 Nf6 5. Nc3 Nc6 6. Bg5 e6 7. Qd2 Be7 8.
O-O-O Nxd4 9. Qxd4 O-O 10. f3 a6 11. h4 b5 12. Kb1 Bb7 13. Qd2 Qc7 14. Bd3 Rfd8
15. g4 d5 16. e5 Ne4 17. Qe1 Nxc3+ 18. Qxc3 Qxc3 19. bxc3 Rd7 20. Rhf1 Rc8 21.
Bd2 Bd8 22. f4 Ba5 23. Kb2 Rdc7 24. f5 Bxc3+ 25. Bxc3 Rxc3 26. Rf4 R3c7 27. f6
gxf6 28. Rxf6 d4 29. Rdf1 Bd5 30. R1f2 Bc4 31. Be4 Rd8 32. g5 d3 33. cxd3 Bxd3
34. Bxd3 Rxd3 35. h5 Rg3 36. g6 hxg6 37. hxg6 Rxg6 38. Rxg6+ fxg6 39. Rf6 Rc6
40. Rxg6+ Kf7 41. Rf6+ Ke7 42. Rh6 Rc5 43. Rh7+ Kd8 44. Ra7 Rxe5 45. Rxa6 Kd7
46. Kc3 Rd5 47. a4 bxa4 48. Rxa4 Kd6 49. Rd4 Ke5 50. Rxd5+ Kxd5 1/2-1/2

[Event "Championship UKR of men 2006"]
[Site "Poltava"]
[Date "2006.11.25"]
[Round "1.2"]
[White "Goloshchapov, Alexander"]
[Black "Kislinsky, Alexey"]
[Result "1/2-1/2"]
[WhiteElo "2552"]
[BlackElo "2495"]
[PlyCount "112"]
[EventDate "2006.11.24"]

1. e4 c5 2. Nf3 g6 3. d4 Bg7 4. dxc5 Qa5+ 5. c3 Qxc5 6. Na3 Qa5 7. Qd5 Qxd5 8.
exd5 d6 9. Nb5 Na6 10. Be3 Nf6 11. Rd1 b6 12. Be2 Bb7 13. c4 O-O 14. O-O Rfc8
15. Nfd4 Nc5 16. Rfe1 a6 17. Nc3 b5 18. cxb5 axb5 19. Ndxb5 Na4 20. Bc1 Nb6 21.
Bf3 Kf8 22. b3 Nfd7 23. Bb2 Rc5 24. a4 Rac8 25. Re3 Ba6 26. Nd4 Bh6 27. Nc6
Bxe3 28. fxe3 Ne5 29. b4 Nxf3+ 30. gxf3 Rc4 31. b5 Bb7 32. a5 Na4 33. Nxa4 Rxa4
34. Ra1 Bxc6 35. Rxa4 Bxb5 36. Rb4 Bc4 37. e4 f6 38. Rb6 Bd3 39. Rc6 Ra8 40.
Bc3 f5 41. Kf2 f4 42. h4 h6 43. e5 dxe5 44. Bxe5 Rxa5 45. Bxf4 Rxd5 46. Bxh6+
Kf7 47. Bg5 Rd7 48. Bf4 Ra7 49. Rc7 Ra2+ 50. Ke3 Bf1 51. Bg5 Re2+ 52. Kf4 Ke8
53. Bxe7 Rxe7 54. Rxe7+ Kxe7 55. Kg5 Be2 56. Kxg6 Bxf3 1/2-1/2

[Event "Championship UKR of men 2006"]
[Site "Poltava"]
[Date "2006.11.25"]
[Round "1.2"]
[White "Shkuro, Iuri"]
[Black "Timoshenko, Georgy"]
[Result "1/2-1/2"]
[WhiteElo "2499"]
[BlackElo "2550"]
[PlyCount "113"]
[EventDate "2006.11.24"]

1. e4 c5 2. f4 Nc6 3. Nf3 d6 4. Bb5 Bd7 5. O-O a6 6. Be2 g6 7. d3 Bg7 8. Kh1 e6
9. Qe1 Nge7 10. c3 O-O 11. Na3 b5 12. Nc2 f5 13. Qh4 Rb8 14. Ne3 d5 15. e5 a5
16. Rd1 a4 17. h3 Nc8 18. Qf2 Nb6 19. Nc2 c4 20. Nfd4 Nxd4 21. Nxd4 Qe7 22.
dxc4 Nxc4 23. Nc2 Rfc8 24. a3 Kh8 25. Nd4 Rg8 26. Re1 h6 27. g4 Rbf8 28. gxf5
gxf5 29. Bf3 Kh7 30. Nc2 Rc8 31. Ne3 Na5 32. Nc2 Nb3 33. Rb1 Nc5 34. Rg1 Ne4
35. Bxe4 dxe4 36. Be3 Be8 37. Nd4 Rd8 38. Rg3 Bf8 39. Rxg8 Kxg8 40. Rg1+ Kh7
41. Qg2 Qf7 42. Qg3 Bd7 43. Kh2 Be7 44. Rg2 Rc8 45. Nc2 Bc6 46. Rg1 Rd8 47. Bd4
Rg8 48. Qxg8+ Qxg8 49. Rxg8 Kxg8 50. Kg3 Kf7 51. Bf2 Bd5 52. Ne3 Bc4 53. Kg2
Ke8 54. Nc2 Kd7 55. Bd4 Bd3 56. Nb4 Bxb4 57. cxb4 1/2-1/2

[Event "Championship UKR of men 2006"]
[Site "Poltava"]
[Date "2006.11.25"]
[Round "1.3"]
[White "Kryvoruchko, Yuriy"]
[Black "Kravtsiv, Martyn"]
[Result "1/2-1/2"]
[WhiteElo "2581"]
[BlackElo "2446"]
[PlyCount "111"]
[EventDate "2006.11.24"]

1. e4 e5 2. Nf3 Nc6 3. Bb5 a6 4. Ba4 Nf6 5. O-O Be7 6. Re1 b5 7. Bb3 O-O 8. a4
Bb7 9. d3 d6 10. c3 b4 11. Nbd2 bxc3 12. bxc3 d5 13. Qe2 dxe4 14. Nxe4 Nxe4 15.
dxe4 Bd6 16. Rb1 Na5 17. Bd5 Bxd5 18. exd5 Qd7 19. Qc2 Nc4 20. Qa2 Nb6 21. Ra1
e4 22. Rxe4 Nxd5 23. Bb2 Nf4 24. Bc1 Qf5 25. Qc4 Nd5 26. Bd2 Nf6 27. Ree1 a5
28. h3 Nd7 29. Rab1 Nb6 30. Qc6 Qg6 31. Qb5 Qc2 32. Qc6 Qg6 33. Kh1 h6 34. c4
Bb4 35. Qxg6 fxg6 36. Bxb4 axb4 37. Rxb4 Rxa4 38. Rxa4 Nxa4 39. Kg1 Nc5 40. Re7
Rf7 41. Re8+ Rf8 42. Re5 Rf5 43. Re8+ Rf8 44. Re3 g5 45. g3 Rf6 46. Kg2 Nd7 47.
Nd4 Kf7 48. g4 Rf4 49. Nf5 Kf6 50. Ne7 Rxc4 51. Nd5+ Kg6 52. Re6+ Kh7 53. Re7
Nf8 54. Nf6+ Kh8 55. Ne8 Ng6 56. Rxc7 1/2-1/2

[Event "Championship UKR of men 2006"]
[Site "Poltava"]
[Date "2006.11.26"]
[Round "2.1"]
[White "Korobov, Anton"]
[Black "Miroshnichenko, Evgenij"]
[Result "0-1"]
[WhiteElo "2543"]
[BlackElo "2627"]
[PlyCount "124"]
[EventDate "2006.11.24"]

1. d4 Nf6 2. c4 e6 3. Nc3 Bb4 4. e3 O-O 5. Bd3 d5 6. Nf3 c5 7. O-O dxc4 8. Bxc4
Nbd7 9. Qe2 cxd4 10. exd4 Bxc3 11. bxc3 Qc7 12. Bd2 b6 13. Bd3 Bb7 14. Rfe1
Rfe8 15. c4 Nf8 16. Ne5 Ng6 17. f4 Rad8 18. Qf2 Ne7 19. Rad1 Nf5 20. d5 Nd6 21.
Rc1 Qc5 22. Qxc5 bxc5 23. Ba5 Rc8 24. dxe6 Rxe6 25. Bc2 h5 26. Ba4 Nf5 27. Rb1
Ba8 28. Nd7 Ne4 29. Ne5 Nf6 30. Nd7 Rxe1+ 31. Rxe1 Ne4 32. Ne5 Nd4 33. Rb1 Ne2+
34. Kf1 Nxf4 35. Bd7 Rf8 36. g3 Ne6 37. Bxe6 fxe6+ 38. Ke1 Kh7 39. Bc7 Rc8 40.
Rb8 Rxc7 41. Rxa8 Rb7 42. Ke2 Rb2+ 43. Ke3 Nd6 44. Rxa7 Rxh2 45. Nf3 Nf5+ 46.
Kd3 Rg2 47. Ng5+ Kg6 48. Nxe6 Rxg3+ 49. Ke4 Rg4+ 50. Ke5 Rxc4 51. Ra6 Ng3 52.
Nxc5+ Kh7 53. Ne6 Re4+ 54. Kd5 Rg4 55. Rc6 h4 56. Rc2 Kh6 57. Rc8 Ra4 58. Rh8+
Kg6 59. Ke5 Nh5 60. Nf8+ Kg5 61. Ne6+ Kg4 62. Rg8 Ra5+ 0-1

[Event "Championship UKR of men 2006"]
[Site "Poltava"]
[Date "2006.11.26"]
[Round "2.1"]
[White "Goloshchapov, Alexander"]
[Black "Efimenko, Zahar"]
[Result "1/2-1/2"]
[WhiteElo "2552"]
[BlackElo "2612"]
[PlyCount "53"]
[EventDate "2006.11.24"]

1. d4 Nf6 2. c4 e6 3. Nc3 Bb4 4. Qc2 O-O 5. a3 Bxc3+ 6. Qxc3 b6 7. Bg5 Bb7 8.
f3 d5 9. e3 Nbd7 10. cxd5 Nxd5 11. Bxd8 Nxc3 12. Bh4 Nd5 13. Bf2 c5 14. e4 Ne7
15. Ne2 Rac8 16. Nc3 cxd4 17. Bxd4 Nc5 18. Rd1 Rfd8 19. Be3 Rxd1+ 20. Kxd1 f5
21. exf5 Nxf5 22. Bf2 Kf7 23. Kc2 Na4 24. Bd3 Nxc3 25. bxc3 Nd6 26. a4 Nc4 27.
Bxc4 1/2-1/2

[Event "Championship UKR of men 2006"]
[Site "Poltava"]
[Date "2006.11.27"]
[Round "2.2"]
[White "Miroshnichenko, Evgenij"]
[Black "Korobov, Anton"]
[Result "0-1"]
[WhiteElo "2632"]
[BlackElo "2543"]
[PlyCount "106"]
[EventDate "2006.11.24"]

1. Nf3 Nf6 2. c4 g6 3. Nc3 Bg7 4. e4 d6 5. d4 O-O 6. h3 Nbd7 7. Bg5 e5 8. d5 a5
9. Be2 Nc5 10. Nd2 Bd7 11. Nb3 h6 12. Nxc5 hxg5 13. Nd3 c6 14. Bg4 cxd5 15.
cxd5 Nxg4 16. hxg4 b5 17. f3 Qb6 18. Qd2 b4 19. Nd1 Bb5 20. N1f2 Rac8 21. O-O
f5 22. Kh2 f4 23. Rfd1 Bf6 24. Rac1 Kf7 25. Rxc8 Rxc8 26. Rc1 Rh8+ 27. Nh3 Qd4
28. Rd1 Rc8 29. Rc1 Rxc1 30. Qxc1 Qc4 31. Qg1 Qc7 32. Qd1 Bd8 33. Nc1 Kf6 34.
a4 bxa3 35. bxa3 Qc5 36. Qb3 a4 37. Qb2 Ba5 38. Ne2 Qc4 39. Nhg1 Qb3 40. Qc1
Bc4 41. Nh3 Bb6 42. Neg1 Bd4 43. Qe1 Qc3 44. Qb1 Qb2 45. Qe1 Bc3 46. Qd1 Qxa3
47. Ne2 Bb4 48. Nd4 Bc3 49. Ne6 Qa1 50. Qc2 a3 51. Nf2 Be1 52. Nd1 Qa2 53. Qa4
Bf1 0-1

[Event "Championship UKR of men 2006"]
[Site "Poltava"]
[Date "2006.11.27"]
[Round "2.2"]
[White "Timoshenko, Georgy"]
[Black "Baklan, Vladimir"]
[Result "0-1"]
[WhiteElo "2622"]
[BlackElo "2550"]
[PlyCount "56"]
[EventDate "2006.11.24"]

1. e4 c5 2. Nf3 d6 3. d4 cxd4 4. Nxd4 Nf6 5. Nc3 Nc6 6. Bg5 e6 7. Qd2 Be7 8.
O-O-O Nxd4 9. Qxd4 O-O 10. f4 Qa5 11. Bc4 Bd7 12. e5 dxe5 13. fxe5 Bc6 14. Bd2
Nd7 15. Nd5 Qc5 16. Nxe7+ Qxe7 17. Rhe1 Nb6 18. Bd3 Rfd8 19. Qg4 Rxd3 20. cxd3
Ba4 21. b3 Qa3+ 22. Kb1 Bxb3 23. axb3 Qxb3+ 24. Ka1 Qa3+ 25. Kb1 Qxd3+ 26. Ka1
Qa3+ 27. Kb1 Qb3+ 28. Ka1 Nc4 0-1

[Event "Championship UKR of men 2006"]
[Site "Poltava"]
[Date "2006.11.27"]
[Round "2.3"]
[White "Miroshnichenko, Evgenij"]
[Black "Korobov, Anton"]
[Result "0-1"]
[WhiteElo "2632"]
[BlackElo "2543"]
[PlyCount "68"]
[EventDate "2006.11.24"]

1. Nf3 Nf6 2. c4 g6 3. Nc3 Bg7 4. g3 O-O 5. Bg2 d6 6. O-O Nc6 7. Rb1 d5 8. cxd5
Nxd5 9. Nxd5 Qxd5 10. Qa4 Bd7 11. Qa3 Qe4 12. d3 Qxe2 13. Be3 Bf5 14. Rfd1 Rad8
15. Ne1 Qh5 16. Bxc6 bxc6 17. Qxe7 Be6 18. b3 Bd5 19. Qg5 Qh3 20. Rbc1 Rfe8 21.
Rd2 Rd6 22. Qh4 Qf5 23. g4 Qd7 24. h3 Rde6 25. d4 Re4 26. Nd3 Qd6 27. Nc5 Rxe3
28. fxe3 Rxe3 29. Re1 Rg3+ 30. Kf1 Qf4+ 31. Rf2 Bg2+ 32. Ke2 Re3+ 33. Kd1 Qxd4+
34. Rd2 Bf3+ 0-1

[Event "Championship UKR of men 2006"]
[Site "Poltava"]
[Date "2006.11.27"]
[Round "2.4"]
[White "Korobov, Anton"]
[Black "Miroshnichenko, Evgenij"]
[Result "0-1"]
[WhiteElo "2543"]
[BlackElo "2627"]
[PlyCount "82"]
[EventDate "2006.11.24"]

1. d4 Nf6 2. c4 e6 3. Nf3 b6 4. g3 Ba6 5. Nbd2 Bb4 6. b3 Bb7 7. Bg2 Bc3 8. Rb1
Bxd4 9. O-O Bc5 10. Bb2 Be7 11. e4 d6 12. e5 dxe5 13. Nxe5 Qc8 14. Bxb7 Qxb7
15. Qf3 Qxf3 16. Ndxf3 Bd6 17. Rfe1 a5 18. Nd4 Bxe5 19. Rxe5 Nbd7 20. Rg5 Rg8
21. Nc6 h6 22. Rb5 Ne4 23. Rd1 f6 24. Rh5 Nb8 25. Nd4 e5 26. Nb5 Na6 27. f4 Kf7
28. fxe5 Rad8 29. e6+ Kg6 30. Rxd8 Rxd8 31. Rd5 Re8 32. Rd7 Rxe6 33. Ba3 c5 34.
Bc1 Nb4 35. a4 Nxg3 36. Bd2 Nf5 37. Kf2 Nc6 38. Nc7 Re4 39. Nd5 Ncd4 40. Nf4+
Kh7 41. Nd5 Re2+ 0-1